01229nam a2200337 a 4500003001000000005001700010007000300027008004100030020001800071040002800089041000800117043001200125082001900137100004600156240003600202245005700238250001800295300002100313336002700334337003300361338002800394490004900422650003200471650003300503650006300536651004000599730003600639830005200675830002800727856013600755CO-BoRNBP20241018080046.0ta110223s2010 ck gr 0001fdspa d a9789588250960 aCO-BoBLAbspacCO-BoBLA0 aspa as-ck---04aCo863.5bS15b51 aSánchez Gómez, Gregorio, d1895-1942.10aChocó-Bibliografía regional13aLa bruja de las minas /cGregorio Sánchez Gómez. a1a. edición a180 p. ;c21 cm. 2rdacontentatextobtxt 2rdamediaasin mediaciónbn 2rdacarrieravolumenbnc0 aBiblioteca de literatura afrocolombiana ;v1 7aNovela colombiana.2BLAAUTO 7aBrujeríavNovela.2BLAAUTO 7aMinas de orozMarmato (Caldas, Colombia)vNovela.2BLAAUTO 7aMarmato (Caldas, Colombia)vNovela.0 aCaldas-Bibliografía regional. 0aColección de documentos en Biblioteca Virtual 0aMalcom Deas-Colección40uhttp://www.banrepcultural.org/blaavirtual/biblioteca-afrocolombiana/gregorio-sanchez-la-bruja-de-las-minaszAcceso a texto completo